00863nam a22002777a 4500001001300000003000400013005001700017008004100034010001800075020002300093035001800116037001500134040001200149082000700161100002100168245012900189260003100318270008700349300003800436490003000474650002000504700001700524700002000541700001800561700000600579B-267778-818dpl20080605123125.0080530t xxu||||| |||| 00| j eng d aB--267778-818 a8128616532c145.00 aB--267778-818 bBlue Berry aDPLbEN aN  aPetrucha, Stefan aThe old fasioned mystery of the haunted dollhousecby Stefan Petrucha [and] Sho Murase; based on the series by Carolyn Keene aMumbai bEuro Books c2005 bMumbaiaDani Corporate Park, 158, Vidyanagari Marg, Kalina, Santacruz (E) e400098 aunpaged bcol. ill. c20 cm (Hb)  aNancy drew girl detective aEnglish Stories aMurase, Sho  aKeene, Carolyn  aSalicrup, Jim a